LEADER 01196nam0-22004091i-450- 001 990006407560403321 005 20130716131318.0 010 $a88-14-07641-3 035 $a000640756 035 $aFED01000640756 035 $a(Aleph)000640756FED01 035 $a000640756 100 $a20130716d1999----km-y0itay50------ba 101 0 $aita 102 $aIT 105 $ay-------001yy 200 1 $aAutonomia privata e integrità fisica$fCosimo M. D'Arrigo 210 $aMilano$cGiuffrè$dc1999 215 $a450 p.$d24 cm 225 1 $aPubblicazioni della Facoltà di giurisprudenza della Università di Messina$v200 676 $a344.041 94$v20$zita 676 $a346.013$v20$zita 700 1$aD'Arrigo,$bCosimo M.$0241075 801 0$aIT$bUNINA$gRICA$2UNIMARC 901 $aBK 912 $a990006407560403321 952 $aUNIVERSITÀ 27 (200)$b39807*$fFGBC 952 $aUNIVERSITÀ 27 (200 bis)$b40717*$fFGBC 952 $aIX D 106$b4059$fDDCIC 952 $aXI D D 40$bs.i.$fDFD 952 $a19-E-256$b11069$fDDCP 959 $aFGBC 959 $aDDCIC 959 $aDFD 959 $aDDCP 996 $aAutonomia privata e integrità fisica$9145470 997 $aUNINA LEADER 01055nam0-22002891i-450 001 990005332840403321 005 20221201095630.0 035 $a000533284 035 $aFED01000533284 035 $a(Aleph)000533284FED01 035 $a000533284 100 $a19990530d1938----km-y0itay50------ba 101 0 $ager 105 $ay-------001yy 200 1 $aZur Urgeschichte der Kelten und Illyrier$fvon Julius Pokorny$gmit einem Beitrage von Richard Pittioni$edie Urnenfelderkultur und ihre Bedeutung fnr die europäische Kulturentwicklung 210 $aHalle (Saale)$cMax Niemeyer$d1938 215 $a222 p.$d23 cm 304 $aAl front.: Sonderdruck aus Zeitschrift fnr celtische Philologie Band XX, Heft 2 und 3 / Band XXI, Heft 1 700 1$aPokorny,$bJulius$f<1887-1970>$0156439 702 1$aPittioni,$bRichard 801 0$aIT$bUNINA$gRICA$2UNIMARC 901 $aBK 912 $a990005332840403321 952 $aARCH. BM PR 035$bARCH. 13609$fFLFBC 959 $aFLFBC 996 $aZur Urgeschichte der Kelten und Illyrier$9599566 997 $aUNINA LEADER 03856nam 22006135 450 001 9910416133103321 005 20250609111354.0 010 $a981-15-6644-5 024 7 $a10.1007/978-981-15-6644-8 035 $a(CKB)4100000011384332 035 $a(DE-He213)978-981-15-6644-8 035 $a(MiAaPQ)EBC6302320 035 $a(PPN)250215063 035 $a(MiAaPQ)EBC6301513 035 $a(iGPub)SPNA0069395 035 $a(EXLCZ)994100000011384332 100 $a20200813d2020 u| 0 101 0 $aeng 135 $aurnn|008mamaa 181 $ctxt$2rdacontent 182 $cc$2rdamedia 183 $acr$2rdacarrier 200 10$aProtection Principle and Technology of the VSC-Based DC Grid /$fby Bin Li, Jiawei He 205 $a1st ed. 2020. 210 1$aSingapore :$cSpringer Singapore :$cImprint: Springer,$d2020. 215 $a1 online resource (X, 274 p. 182 illus., 130 illus. in color.) 225 1 $aPower Systems,$x1612-1287 311 08$a981-15-6643-7 320 $aIncludes bibliographical references. 327 $aIntroduction -- Working Principle and Basis Control Strategy of the VSC-HVDC Grid -- DC Fault Characteristics of the VSC-HVDC System -- High-speed Single-ended DC Line Protection for the VSC-HVDC Grid -- High-speed Differential Protection for the VSC-HVDC Grid -- Traveling-wave based Direction Protection for the VSC-HVDC Grid -- DC Fault Current Limiting Technique based on the H-bridge Topology -- DC Fault Current Limiting Technique based on the Current Commutation -- Restart Control Strategy for the MMC-based HVDC System -- The DCCB Reclosing Strategy in VSC-HVDC Grid. 330 $aThis book discusses key techniques of protection and fault ride-through in VSC-HVDC grids, including high-speed selective protection, DC fault current limitation, converter restarting, and DCCB reclosing strategies. It investigates how high-speed transient-variable-based protection can be used to improve grids? acting sensitivity, acting reliability, and ability to withstand high transition resistance compared with traditional protection. In addition, it discusses the applicability of the pilot protections, including the current differential protection and travelign-wave based protection, in the dc grid, as well as the improved methods. Furthermore, it proposes several DC FCL topologies, which are suitable for DC grids. Lastly, in the context of overhead line application conditions, it explores converter restarting and DCCB reclosing strategies, which not only identify the fault property, but also limit the secondary damage to the system, improving the system?s operation security and reliability. As such, the book offers a comprehensive overview of original and advanced methods and techniques for the protection of VSC-HVDC grids. 410 0$aPower Systems,$x1612-1287 606 $aEnergy systems 606 $aElectronic circuits 606 $aMechatronics 606 $aEnergy Systems$3https://scigraph.springernature.com/ontologies/product-market-codes/115000 606 $aCircuits and Systems$3https://scigraph.springernature.com/ontologies/product-market-codes/T24068 606 $aMechatronics$3https://scigraph.springernature.com/ontologies/product-market-codes/T19030 615 0$aEnergy systems. 615 0$aElectronic circuits. 615 0$aMechatronics. 615 14$aEnergy Systems. 615 24$aCircuits and Systems. 615 24$aMechatronics. 676 $a621.31912 700 $aLi$b Bin$4aut$4http://id.loc.gov/vocabulary/relators/aut$0857556 702 $aHe$b Jiawei$4aut$4http://id.loc.gov/vocabulary/relators/aut 801 0$bMiAaPQ 801 1$bMiAaPQ 801 2$bMiAaPQ 906 $aBOOK 912 $a9910416133103321 996 $aProtection Principle and Technology of the VSC-Based DC Grid$91914829 997 $aUNINA